000 00564nam a2200241 a 4500
001 nice12345678
003 IN_TiNIC
005 20260116011340.0
008 050524s1957 cama grp 000 0 eng
020 _a
_c0
082 0 0 _a160
_bBLY
100 _aBlyth, John W
245 _aModern Introduction to Logic.
260 _aCambridge
_bHoughton Mifflin Company
_c1957
300 _a426p
500 _aincludes index and biblioraphy
505 2 _aIndex
650 _aLogic
700 1 _aBlyth, John W
902 _bSRS
942 _cBK
999 _c733
_d733